Quizzes
Events
Quiz Creation
Community
Videos
Private Events
Remove Ads
Sign In
Join for FREE
Feedback
Dark Mode
Quiz Categories
Sports
Geography
Music
Movies
Television
Just For Fun
Miscellaneous
History
Literature
Language
Science
Gaming
Entertainment
Religion
Holiday
For Kids
Quiz Lab
Recent
Popular Today
Quiz Kudos Today
Editor Picks
Curator Picks
Quizzes by...
Day
Popularity
Type
Ratings
Length
Year
Community
Subscriptions
Recent Discussions
Orange Saloon
Badges
Playlists
Quests
Create
Leaderboards
Showdown
Live 5
Trivia Bingo
Activity
Puzzle Library
Sporcle Events
Private Events
Virtual Trivia
Globe League
Become a Host
Pub Owners
SporcleCon
Opinionation
Our Games
Videos
Blog
Mobile Apps
Partnerships
Remove Ads and Go Orange
Feedback
Music
Pop Music
The Beatles
Song
Album
Lyrics
Bands
Singers
Artist
Clip
Rock
Rap
Classical
Billboard
Country Music
Kpop
Taylor Swift
Music
Pop Music
The Beatles
Song
Album
Lyrics
Bands
Singers
Artist
Clip
Rock
Rap
Classical
Billboard
Country Music
Kpop
Taylor Swift
Random Quiz
Search Sporcle
×
Quiz Lab
Quiz Lab
Music
Bands
Type in answers that appear in a list
Type in answers that appear in a list
Classic
Best Score? Go Orange.
Out of My Limit Lyrics Stats
Can you name the Out of My Limit by 5 Seconds of Summer Lyrics
By
keylimepie100
7m
216 Questions
1,877 Plays
1,877 Plays
1,877 Plays
Comments
Comments
Give Quiz Kudos
Give Quiz Kudos
-
- Ratings
hide this ad
Replay
Link that replays current quiz
Next Quiz
Link to next quiz in quiz playlist
You Got
0%
They Got
Avg Score
90%
Avg Friend Score
Upgrade to see
Score Distribution
Jump to the score distribution portion of the page
Score
0/216
Timer
07:00
0
Plays Today
Answer
% Correct
and
97.7%
a
97.7%
the
97.7%
a
97.7%
a
97.7%
the
97.7%
And
97.7%
a
97.7%
and
97.7%
a
97.7%
a
97.7%
the
97.7%
and
97.7%
a
97.7%
and
97.7%
a
97.7%
the
97.7%
and
97.7%
a
97.7%
and
97.7%
in
96.5%
in
96.5%
in
96.5%
in
96.5%
in
96.5%
in
96.5%
it
96.5%
out
95.4%
out
95.4%
out
95.4%
of
95.3%
of
95.3%
of
95.3%
of
95.3%
of
95.3%
of
95.3%
my
95.2%
my
95.2%
my
95.2%
my
95.2%
my
95.2%
my
95.2%
to
95%
to
95%
to
95%
to
95%
to
95%
to
95%
to
95%
limit
94.8%
limit
94.8%
limit
94.8%
we
94.5%
we
94.5%
you
94.5%
be
94.2%
be
94.2%
me
93.9%
me
93.9%
me
93.9%
me
93.9%
just
93.7%
just
93.7%
just
93.7%
little
93.1%
little
93.1%
little
93.1%
high
93%
high
93%
high
93%
school
92.9%
bit
92.9%
Answer
% Correct
school
92.9%
bit
92.9%
bit
92.9%
Back
92.6%
no
92.6%
Back
92.6%
no
92.6%
even
92.2%
even
92.2%
even
92.2%
even
92.2%
even
92.2%
even
92.2%
been
92.2%
been
92.2%
been
92.2%
been
92.2%
been
92.2%
been
92.2%
used
92.1%
It's
92.1%
it's
92.1%
used
92.1%
It's
92.1%
it's
92.1%
It's
92.1%
it's
92.1%
take
92.1%
You're
92.1%
years
92.1%
you're
92.1%
years
92.1%
You're
92.1%
years
92.1%
two
92%
two
92%
two
92%
now
91.8%
now
91.8%
now
91.8%
now
91.8%
now
91.8%
now
91.8%
slow
91.7%
best
91.4%
best
91.4%
best
91.4%
on
91.2%
let
90.9%
seen
90.8%
seen
90.8%
seen
90.8%
Red
90.5%
over
90.4%
over
90.4%
over
90.4%
over
90.4%
over
90.4%
over
90.4%
over
90.4%
over
90.4%
over
90.4%
lipstick
90.3%
mind
90%
mind
90%
mind
90%
heel
90%
haven't
90%
haven't
90%
haven't
90%
this
89.2%
this
89.2%
Answer
% Correct
this
89.2%
times
89.1%
times
89.1%
times
89.1%
thousand
88.7%
thousand
88.7%
thousand
88.7%
I've
88.6%
I've
88.6%
I've
88.6%
almost
88%
start
88%
almost
88%
start
88%
almost
88%
start
88%
Let's
87.9%
Let's
87.9%
Let's
87.9%
that
87.2%
that
87.2%
that
87.2%
that
87.2%
go
87.1%
never
86.7%
never
86.7%
get
86.1%
get
86.1%
who
85.9%
who
85.9%
guy
85.8%
guy
85.8%
working
85.4%
job
85.2%
Had
85.1%
Had
85.1%
doesn't
84.8%
doesn't
84.8%
wanna
84.7%
wanna
84.7%
downtown
84.6%
more
84.5%
more
84.5%
taste
84.4%
taste
84.4%
I
84.2%
make
84.2%
I
84.2%
stilettos
83.4%
plans
83%
Cause
82.7%
Cause
82.7%
up
82.3%
up
82.3%
having
81.8%
having
81.8%
win
80.9%
win
80.9%
prize
79.9%
prize
79.9%
chase
78.7%
chase
78.7%
waiting
78.2%
servo
77.9%
line
77.6%
couldn't
75.9%
one
74.2%
day
73.7%
ends
73.7%
Called
70%
split
68.3%
meet
62.4%
Quiz Playlist
Details
Report
Send in Message
Add To Playlist
Classic:
Type in answers that appear in a list
Last Updated: Feb 16, 2017
Quiz Scoreboard
CHALLENGE
Sign Up to Join the Scoreboard
Show All
Scores
Hide
Comments
May contain spoilers
Recently Published
College Basketball Coaching Resumes
by pancakes188
Sports
9m
Billboard Blitz: Fleetwood Mac
by CooCooCachoo
Music
15s
Presidents Visiting Landmarks
by Hejman
History
7m
More to Explore
Quiz From the Vault
Featured Blog Post
Where Did the Easter Bunny Come From?
hide this ad
You Might Also Like...
Tags
Bands Quiz
Lyrics Quiz
5 Seconds of Summer
5sos
Australian
Today's Top Quizzes in Music
Browse Music
hide this ad
Today's Top Quizzes in Bands
Browse Bands
Top Contributed Quizzes in Music
1
Taylor Swift All Songs (2024)
2
7-to-1: Billboard Hot 100 #1 Hits of 2010s
3
Guess the Artist- 70s Songs
4
Sorting Albums and Songs
5
Taylor Swift Logic Puzzle
6
KPOP LOGIC QUIZ
7
Guess the Taylor Swift song (Mystery Song)
8
2010s Album by Cover III
9
One Thing in Common: Music
10
Guess The Taylor Swift Lyrics Song #1
Explore More
Trending Topics
Harry Potter
Marvel
Disney
Crossword
Anime
Kpop
NBA
NFL
The Office
Soccer
Song
WWE
Pokémon
Puzzle
Country
hide this ad
More By:
keylimepie100
Quiz
Plays
Rating
Category
Featured
Created
Amnesia Lyrics
11,877
4.89
Music
Jun 24, 2014
Heartbreak Girl Lyrics
7,178
4.78
Music
Jul 9, 2013
Good Girls Lyrics
6,065
4.18
Music
Jun 8, 2014
English Love Affair Lyrics
4,428
4.60
Music
Jul 3, 2014
Voodoo Doll Lyrics
3,941
4.71
Music
Jul 4, 2014
Go to Creator's Profile
Score Distribution
Quiz Creator Spotlight
keylimepie100
Follow
Send a Message
Quizzes Created
-
Created Quiz Play Count
-
More By This Creator
Popular Quizzes Today
1
Find the US States - No Outlines Minefield
2
Find the Countries of Europe - No Outlines Minefield
3
The Countries of the World
4
Find the US States
5
Risky Map Clicking: Biggest States A-Z
6
US States
7
Popular People in 1961
8
Movies - When Are They Set?
More Music Quizzes
8-Letter Missing Words in Songs
Published
Trending Quizzes
Risky Map Clicking: Least Populous States A-Z
1-10 Letter G Words
1-10 Letter F Words
Risky Map Clicking: Next State Alphabetically
Risky Map Clicking: Biggest States A-Z
Recently Updated
Leaping Animals
pecheneg
Reality TV Shows (A-Z)
bhenderson79
Rickey Henderson's Hall of Fame Teammates
pecheneg
Champions League XIs: Arsenal
pecheneg
Quick Pick: Celebrities in WWE's Hall of Fame
aduchscher
A-Z Keypad Blitz II
pecheneg
Multiple Oscar Actors
pecheneg
Mystery Phrase Blitz: Oscar 'Best Actors'
pecheneg
F. Scott Fitzgerald Novels
LTH
Pick 3 Villains
ddd62291
Trending Topics
Marvel
Kpop
Harry Potter
Anime
Crossword
Disney
NBA
WWE
Song
NFL
The Office
Puzzle
Pokémon
Country
Soccer
Your Account Isn't Verified!
In order to create a playlist on Sporcle, you need to verify the email address you used during registration. Go to your
Sporcle Settings
to finish the process.
Report this User
Report this user for behavior that violates our
Community Guidelines
.
Details:
Send Report
Go to the Sporcle.com Mobile Site →
Comments